| 000 | 00391nam a22001577a 4500 | ||
|---|---|---|---|
| 003 | OSt | ||
| 005 | 20240412100844.0 | ||
| 008 | 220623b xxu||||| |||| 00| 0 eng d | ||
| 020 | _a 978-9388818933 | ||
| 040 | _cIIMT UNIVERSITY MEERUT | ||
| 100 | _aCHAUHAN, D.S. | ||
| 245 | _aNON- CONVENTIONAL ENERGY RESOURCES | ||
| 260 |
_aNEW DELHI _bNEW AGE _c2022 |
||
| 300 | _a250 | ||
| 942 |
_2ddc _c02 |
||
| 999 |
_c52490 _d52490 |
||